Statistiques concernant Les Simpson - S01E02 : Bart le génie

Cliquez ici pour prendre le quiz!

Statistiques générales

  • Ce quiz a été pris 12 fois
  • Le résultat moyen est 5 sur 10

Statistiques - réponses

QuestionRéponse% Correct
À quoi jouent Homer et Bart dans leur jardin le soir tombé ?au baseball
90%
Avec qui Bart inverse-t-il sa copie d'examen ?Martin
80%
À combien s'élève le QI de Bart selon le test ?216
60%
Comment s'appelle le psychologue de l'école ?Dr. Loren Pryor
60%
Qu'envisage de faire Bart lorsque la coordinatrice lui propose de s'occuper comme il le souhaite ?lire une bande-dessinée
60%
De quelle couleur finit Bart quand il provoque un accident chimique ?vert
60%
Au début de l'épisode, quel mot Bart invente-t-il pour terminer la partie de Scrabble ?Kwyjibo
50%
Comment s'appelle la coordinatrice pédagogique du centre pour surdoués ?Mlle Melon
30%
Pour "nourrir" le cerveau de Bart, Marge emmène toute la famille à l'opéra. À quelle heure commence la séance ?20h00
20%
Laquelle de ces propositions ne désigne pas l'un des nouveaux camarades de classe de Bart ?Thalia
20%

Distribution des résultats

Percentile par nombre de réponses

% des personnes avec chaque résultat

Votre développement - résultats

Vous n’avez pas pris ce quiz